[Event "Quebec op U2000"]
[Site "Montreal"]
[Date "2012.07.27"]
[Round "8"]
[White "Sharpe, Michael D"]
[Black "Brunet, Guy"]
[Result "1/2-1/2"]
[WhiteElo "1491"]
[BlackElo "1566"]
[PlyCount "87"]
[EventDate "2012.07.21"]
[EventType "swiss"]
[EventRounds "9"]
[EventCountry "CAN"]
[SourceTitle "EXT 2022"]
[Source "ChessBase"]
[SourceDate "2021.10.06"]
[SourceVersion "1"]
[SourceVersionDate "2021.10.06"]
[SourceQuality "1"]

1. e4 d5 2. exd5 Qxd5 3. Nc3 Qd8 4. d4 Nf6 5. Nf3 Bf5 6. Be2 e6 7. a3 Be7 8. 0-0 0-0 9. Bg5 c6 10. Qd2 Nbd7 11. Rfd1 Ne4 12. Nxe4 Bxe4 13. Bf4 Bxf3 14. Bxf3 Nf6 15. c4 Bd6 16. Rac1 Bxf4 17. Qxf4 Qb6 18. b4 Rac8 19. Rc3 Rfd8 20. Be2 Qc7 21. Qh4 Rd7 22. Rg3 Kf8 23. Rgd3 Rcd8 24. f3 e5 25. Qg3 exd4 26. Qxc7 Rxc7 27. Rxd4 Rcd7 28. Rxd7 Rxd7 29. Rxd7 Nxd7 30. Kf2 Ke7 31. Ke3 Kd6 32. h4 c5 33. g4 h6 34. b5 b6 35. Bf1 g5 36. hxg5 hxg5 37. Kd3 Ke5 38. Ke3 Nf8 39. Bd3 Ne6 40. Be4 Nf4 41. Bc6 Ng2+ 42. Kf2 Nf4 43. Ke3 Ng2+ 44. Kf2 1/2-1/2

[Event "Scarborough CC Frost U1800"]
[Site "Toronto"]
[Date "2012.02.02"]
[Round "5"]
[White "Sharpe, Michael D"]
[Black "Bellomo, Joe"]
[Result "0-1"]
[WhiteElo "1665"]
[BlackElo "1568"]
[PlyCount "82"]
[EventDate "2012.01.05"]
[EventType "swiss"]
[EventRounds "6"]
[EventCountry "CAN"]
[SourceTitle "EXT 2022"]
[Source "ChessBase"]
[SourceDate "2021.10.06"]
[SourceVersion "1"]
[SourceVersionDate "2021.10.06"]
[SourceQuality "1"]

1. e4 c5 2. Nf3 d6 3. d4 cxd4 4. Nxd4 Nf6 5. Nc3 a6 6. Be2 Qc7 7. 0-0 e6 8. Be3 Nc6 9. a4 Be7 10. Kh1 Bd7 11. Nb3 Rc8 12. a5 Ne5 13. Nd2 0-0 14. f4 Nc6 15. Nc4 Qb8 16. Nb6 Rcd8 17. g4 Bc8 18. g5 Nd7 19. Bd3 Nxb6 20. Bxb6 Rd7 21. Rf3 Nb4 22. Rh3 g6 23. Qg4 Nxd3 24. cxd3 Bd8 25. f5 exf5 26. exf5 Bxb6 27. Qh4 h5 28. gxh6 Bd8 29. h7+ Kh8 30. f6 b5 31. Ne4 Bb7 32. Rf1 Bxe4+ 33. dxe4 Qb7 34. Re3 Qc8 35. Ree1 Rc7 36. Qh6 Bxf6 37. Rxf6 Rc5 38. Ref1 Rh5 39. Qxg6 fxg6 40. Rxf8+ Qxf8 41. Rxf8+ Kxh7 0-1

[Event "Quebec-ch opB"]
[Site "Montreal"]
[Date "2010.07.31"]
[Round "9"]
[White "Sharpe, Michael D"]
[Black "Yao, Houji"]
[Result "1/2-1/2"]
[WhiteElo "1726"]
[BlackElo "1669"]
[PlyCount "150"]
[EventDate "2010.07.24"]
[EventType "swiss"]
[EventRounds "9"]
[EventCountry "CAN"]
[SourceTitle "EXT 2013"]
[Source "ChessBase"]
[SourceDate "2012.11.22"]
[SourceVersion "1"]
[SourceVersionDate "2012.11.22"]
[SourceQuality "1"]

1. c4 Nf6 2. Nc3 d5 3. cxd5 Nxd5 4. g3 g6 5. Bg2 Nxc3 6. bxc3 Bg7 7. Nf3 0-0 8. 0-0 Bg4 9. Ba3 c6 10. d4 Nd7 11. Qc2 Re8 12. Rad1 Qc7 13. c4 e5 14. d5 cxd5 15. Rxd5 Be6 16. Bd6 Qc8 17. Rdd1 Qxc4 18. Qxc4 Bxc4 19. Rd2 Rac8 20. Rb1 b5 21. Bh3 f5 22. g4 Bh6 23. g5 e4 24. gxh6 exf3 25. exf3 Nb6 26. Bf1 Red8 27. Bf4 Rxd2 28. Bxd2 Bxa2 29. Rxb5 Bd5 30. Kg2 Kf7 31. Be3 Bc6 32. Rb1 Nd7 33. Bxa7 Ne5 34. Be2 g5 35. Bd4 Ng6 36. Bc4+ Ke7 37. Re1+ Kd6 38. Re6+ Kd7 39. Rf6 Bxf3+ 40. Kxf3 Nh4+ 41. Ke2 Rxc4 42. Kd3 Rc7 43. Rf7+ Kc6 44. Rxc7+ Kxc7 45. Bf6 Kd7 46. f4 Nf3 47. fxg5 Ke6 48. h3 Nh4 49. Ke3 Ng6 50. Kd4 Kd6 51. Ke3 Kd5 52. Kf3 f4 53. h4 Nxh4+ 54. Kxf4 Ke6 55. Bb2 Ng6+ 56. Kg4 Ne7 57. Ba1 Kf7 58. Kh5 Kg8 59. Bf6 Ng6 60. Kg4 Kf7 61. Kf5 Nf8 62. Bb2 Ng6 63. Bf6 Nh4+ 64. Kg4 Ng2 65. Kf5 Ne3+ 66. Ke4 Ng4 67. Bb2 Kg6 68. Kf4 Nf2 69. Kf3 Nd3 70. Bf6 Nc5 71. Kg4 Ne4 72. Bd8 Nd6 73. Be7 Nf7 74. Kf4 Nh8 75. Bf6 Nf7 1/2-1/2

[Event "IECG CP.1999.P.00075"]
[Site "IECG email"]
[Date "1999.10.01"]
[Round "?"]
[White "Rensen, Martin"]
[Black "Sharpe, Michael D"]
[Result "1-0"]
[WhiteElo "2173"]
[BlackElo "1800"]
[PlyCount "43"]
[EventDate "1999.10.01"]
[EventType "tourn (corr)"]
[EventRounds "6"]
[EventCountry "NED"]
[SourceTitle "Corr 2008"]
[Source "ChessBase"]
[SourceDate "2008.06.24"]
[SourceVersion "1"]
[SourceVersionDate "2008.06.24"]
[SourceQuality "1"]

1. d4 Nf6 2. c4 g6 3. Nc3 Bg7 4. e4 d6 5. f4 0-0 6. Nf3 c5 7. d5 e6 8. dxe6 fxe6 9. Be2 Nc6 10. 0-0 a6 11. Kh1 Qe7 12. Qd3 b6 13. a3 Bb7 14. Be3 Rad8 15. Rad1 Ng4 16. Bd2 Bh6 17. Ng5 Nf6 18. Nxe6 Qxe6 19. f5 Qe8 20. Bxh6 Ne5 21. Qh3 Rf7 22. Bg5 1-0

[Event "IECG CP.1999.P.00075"]
[Site "IECG email"]
[Date "1999.10.01"]
[Round "?"]
[White "Sharpe, Michael D"]
[Black "Lopez Ortega Magallanes, Pablo Antonio"]
[Result "1-0"]
[WhiteElo "1800"]
[BlackElo "1744"]
[PlyCount "35"]
[EventDate "1999.10.01"]
[EventType "tourn (corr)"]
[EventRounds "6"]
[EventCountry "NED"]
[SourceTitle "Corr 2008"]
[Source "ChessBase"]
[SourceDate "2008.06.24"]
[SourceVersion "1"]
[SourceVersionDate "2008.06.24"]
[SourceQuality "1"]

1. c4 e5 2. Nc3 f5 3. Nf3 Nc6 4. d4 e4 5. Ng5 Nf6 6. e3 Be7 7. Be2 0-0 8. 0-0 Kh8 9. f3 d5 10. fxe4 dxe4 11. Nh3 a6 12. a3 Na7 13. b4 b5 14. cxb5 Nxb5 15. Nxb5 axb5 16. Bd2 Nd5 17. Bxb5 Nxe3 18. Bxe3 1-0

[Event "IECG CP.1999.P.00075"]
[Site "IECG email"]
[Date "1999.10.01"]
[Round "?"]
[White "Sharpe, Michael D"]
[Black "O'Sullivan, Paul"]
[Result "1/2-1/2"]
[WhiteElo "1800"]
[BlackElo "1286"]
[PlyCount "80"]
[EventDate "1999.10.01"]
[EventType "tourn (corr)"]
[EventRounds "6"]
[EventCountry "NED"]
[SourceTitle "Corr 2008"]
[Source "ChessBase"]
[SourceDate "2008.06.24"]
[SourceVersion "1"]
[SourceVersionDate "2008.06.24"]
[SourceQuality "1"]

1. c4 Nf6 2. Nc3 g6 3. g3 Bg7 4. Bg2 0-0 5. Nf3 d6 6. 0-0 c6 7. d4 Qa5 8. e4 e5 9. d5 cxd5 10. cxd5 b5 11. a3 b4 12. Na2 bxa3 13. Nc3 Qb4 14. Rxa3 Nxe4 15. Nxe4 Qxe4 16. Ra4 Qf5 17. Ng5 Nd7 18. Bh3 Qb1 19. Qe2 Nc5 20. Be3 Qd3 21. Qxd3 Nxd3 22. Bxc8 Rfxc8 23. Rfa1 Nxb2 24. Rxa7 Rxa7 25. Rxa7 f5 26. Ra6 Bf8 27. Ra7 h5 28. Nf7 Nc4 29. Nh6+ Bxh6 30. Bxh6 Rc5 31. Rg7+ Kh8 32. Rxg6 Kh7 33. Rf6 Rxd5 34. Kg2 Rb5 35. Kh3 d5 36. Kh4 Rb6 37. Rxb6 Nxb6 38. Kxh5 d4 39. Bc1 Nc4 40. Kg5 f4 1/2-1/2